| 000 | 00387nam a2200169Ia 4500 | ||
|---|---|---|---|
| 005 | 20250320023903.0 | ||
| 008 | 240331s9999 xx 000 0 und d | ||
| 020 | _a0099972204 | ||
| 082 |
_a302.23 _bBAR _23573 |
||
| 100 | _aBarthes, R | ||
| 245 | 0 | _aMythologies | |
| 260 |
_aLondon, _bVintage Books _c1993 |
||
| 300 | _a158 p., | ||
| 650 | _aMyths | ||
| 650 | _aLiterature | ||
| 942 | _cL | ||
| 999 |
_c1103 _d1103 |
||